Normal view
MARC view
Entry Personal Name
001 - CONTROL NUMBER
- control field: 81630
003 - CONTROL NUMBER IDENTIFIER
- control field: dpl
005 - DATE AND TIME OF LATEST TRANSACTION
- control field: 20250604114449.0
008 - FIXED-LENGTH DATA ELEMENTS
- fixed length control field: 250604|| aca||aabn | a|a d
040 ## - CATALOGING SOURCE
- Original cataloging agency: dpl
- Transcribing agency: dpl
100 ## - HEADING--PERSONAL NAME
- Personal name: Malhotra, Sunita
670 ## - SOURCE DATA FOUND
- Source citation: Work cat.: (dpl)211561: Malhotra, Sunita, Dietetics in Practics a Handbook/, 2012
